00328nam a2200121Ia 4500008004100000100001500041245005900056260004000115300000900155650001800164942000700182999001700189190216s9999||||xx |||||||||||||| ||und|| aHornby As 4aThe Teaching Of Structural Words And Sentence Patterns bEnglish Language Book Societyc1975 a169p aEnglish Story cBK c12870d12870